[Event "RB-2017-0-00335"]
[Site "LSS email"]
[Date "2017.03.04"]
[Round "?"]
[White "Eichner, Dieter"]
[Black "Ederer, Karel"]
[Result "1-0"]
[WhiteElo "2070"]
[BlackElo "1953"]
[PlyCount "51"]
[EventDate "2016.12.29"]
[EventType "tourn (corr)"]
[EventRounds "6"]
[EventCountry "GER"]
[SourceTitle "Corr 2022"]
[Source "ChessBase"]
[SourceDate "2021.10.24"]
[SourceVersion "1"]
[SourceVersionDate "2021.10.24"]
[SourceQuality "1"]

1. d4 Nf6 2. e3 g6 3. f4 Bg7 4. Nf3 0-0 5. c3 d6 6. Bd3 c5 7. 0-0 Nc6 8. dxc5 dxc5 9. e4 Qb6 10. Bc2 Be6 11. Qe2 Rad8 12. Na3 Bh6 13. Qe1 Kg7 14. Kh1 Qa6 15. f5 Bxc1 16. Rxc1 Bxa2 17. Ra1 Bc4 18. Nxc4 Qxc4 19. b3 Qb5 20. e5 Ng8 21. e6 fxe6 22. fxg6 hxg6 23. c4 Qb4 24. Qh4 Nh6 25. Ng5 Nd4 26. Nxe6+ 1-0

[Event "RB-2017-0-00335"]
[Site "LSS email"]
[Date "2017.03.03"]
[Round "?"]
[White "Eichner, Dieter"]
[Black "Laffont, Jose Eduardo Alfred"]
[Result "1/2-1/2"]
[WhiteElo "2070"]
[BlackElo "1836"]
[PlyCount "57"]
[EventDate "2016.12.29"]
[EventType "tourn (corr)"]
[EventRounds "6"]
[EventCountry "GER"]
[SourceTitle "Corr 2022"]
[Source "ChessBase"]
[SourceDate "2021.10.24"]
[SourceVersion "1"]
[SourceVersionDate "2021.10.24"]
[SourceQuality "1"]

1. d4 Nf6 2. e3 e6 3. f4 c5 4. c3 d5 5. Nf3 Bd6 6. b3 0-0 7. Bd3 b6 8. 0-0 Bb7 9. Qe2 Nc6 10. Bb2 cxd4 11. Nxd4 Re8 12. Nd2 e5 13. fxe5 Bxe5 14. N2f3 Bf4 15. Nc2 Bd6 16. Rad1 Qe7 17. c4 Ne5 18. cxd5 Nxd3 19. Qxd3 Nxd5 20. Bxg7 Kxg7 21. Nfd4 Bc8 22. Nb5 Bb7 23. Nxd6 Qxd6 24. Rxf7+ Kxf7 25. Qxh7+ Kf8 26. Qh8+ Kf7 27. Qh7+ Kf8 28. Qh8+ Kf7 29. Qh7+ 1/2-1/2

[Event "SA-2016-0-00535"]
[Site "LSS email"]
[Date "2016.08.31"]
[Round "?"]
[White "Eichner, Dieter"]
[Black "Misericordia, Antonio"]
[Result "0-1"]
[WhiteElo "2069"]
[BlackElo "2284"]
[PlyCount "112"]
[EventDate "2016.08.11"]
[EventType "tourn (corr)"]
[EventRounds "6"]
[EventCountry "GER"]
[SourceTitle "Corr 2022"]
[Source "ChessBase"]
[SourceDate "2021.10.24"]
[SourceVersion "1"]
[SourceVersionDate "2021.10.24"]
[SourceQuality "1"]

1. d4 Nf6 2. e3 b6 3. Be2 e6 4. f4 d5 5. c3 Bd6 6. b3 0-0 7. Nf3 c5 8. 0-0 Nc6 9. Ne5 Ne7 10. Bd3 Nf5 11. Qe2 Bb7 12. Nd2 Ne4 13. Bb2 Rc8 14. Rac1 Rc7 15. Rfd1 Qc8 16. Nef3 Be7 17. g4 Nfd6 18. c4 Rd8 19. dxc5 Nxc5 20. cxd5 Nxd3 21. Rxc7 Qxc7 22. Qxd3 Bxd5 23. Rc1 Qb7 24. Qe2 Ne4 25. g5 Nxd2 26. Nxd2 Qd7 27. Kf2 Bb7 28. Nf3 Qd5 29. Be5 Rd7 30. Rg1 Qe4 31. h4 Qf5 32. Rg3 g6 33. h5 gxh5 34. Nd4 Qg6 35. Rh3 f6 36. f5 exf5 37. Qc4+ Bd5 38. Qc8+ Rd8 39. Nxf5 Rxc8 40. Nxe7+ Kf7 41. Nxg6 hxg6 42. gxf6 Rc5 43. Rh2 Bxb3 44. Bb8 Bxa2 45. Bxa7 Rb5 46. e4 Kxf6 47. Ke3 Rb3+ 48. Kd4 Bb1 49. Kc4 Rf3 50. Bxb6 Bxe4 51. Rh4 Kf5 52. Bc5 Bc6 53. Kd4 Rf4+ 54. Rxf4+ Kxf4 55. Bd6+ Kf3 56. Be7 Be8 0-1

[Event "RA-2016-0-00438"]
[Site "LSS email"]
[Date "2016.04.04"]
[Round "?"]
[White "Ramponelli, Roberto"]
[Black "Eichner, Dieter"]
[Result "1/2-1/2"]
[WhiteElo "2197"]
[BlackElo "2109"]
[PlyCount "45"]
[EventDate "2016.02.21"]
[EventType "tourn (corr)"]
[EventRounds "6"]
[EventCountry "GER"]
[SourceTitle "Corr 2022"]
[Source "ChessBase"]
[SourceDate "2021.10.24"]
[SourceVersion "1"]
[SourceVersionDate "2021.10.24"]
[SourceQuality "1"]

1. d4 d5 2. Nf3 Nf6 3. Bf4 Bf5 4. e3 e6 5. c4 Bxb1 6. Rxb1 Bb4+ 7. Ke2 Bd6 8. g3 dxc4 9. Qa4+ Nc6 10. Bg2 0-0 11. Qxc4 Bxf4 12. gxf4 Ne7 13. Rhc1 Ne8 14. Kf1 Nf5 15. Qc5 c6 16. Kg1 Ned6 17. Bf1 Qf6 18. Kh1 Qh6 19. Qc2 Nh4 20. Nxh4 Qxh4 21. Bd3 Rfd8 22. Rg1 g6 23. Rg5 1/2-1/2

[Event "RA-2016-0-00438"]
[Site "LSS email"]
[Date "2016.04.04"]
[Round "?"]
[White "Sitorus, Yosua"]
[Black "Eichner, Dieter"]
[Result "1/2-1/2"]
[WhiteElo "2185"]
[BlackElo "2109"]
[PlyCount "109"]
[EventDate "2016.02.21"]
[EventType "tourn (corr)"]
[EventRounds "6"]
[EventCountry "GER"]
[SourceTitle "Corr 2022"]
[Source "ChessBase"]
[SourceDate "2021.10.24"]
[SourceVersion "1"]
[SourceVersionDate "2021.10.24"]
[SourceQuality "1"]

1. c4 c5 2. Nc3 Nc6 3. Nf3 Nf6 4. d4 cxd4 5. Nxd4 e6 6. Bf4 d6 7. Nxc6 bxc6 8. e4 e5 9. Be3 Ng4 10. Bc1 Qb6 11. Qc2 Be7 12. Bd3 Be6 13. 0-0 0-0 14. Rb1 h6 15. b4 Rfc8 16. Qe2 Qd8 17. a4 Bg5 18. Bxg5 Qxg5 19. a5 Qd8 20. Rfd1 c5 21. b5 Qxa5 22. Qd2 Qc7 23. Be2 Rd8 24. Ra1 Nf6 25. Ra6 Ne8 26. Rda1 Rdb8 27. f4 exf4 28. Qxf4 Rb6 29. R6a4 Rb7 30. Bf3 Rd8 31. e5 dxe5 32. Qe3 Rbb8 33. Rxa7 Qd6 34. Rd1 Qb6 35. Rxd8 Qxa7 36. Rxb8 Qxb8 37. Qxc5 Nf6 38. Bc6 Ng4 39. Qa3 Bxc4 40. Qa8 Qxa8 41. Bxa8 Nf6 42. Bc6 Kf8 43. b6 Ba6 44. Ne4 Nxe4 45. Bxe4 Ke7 46. b7 Bxb7 47. Bxb7 f5 48. Kf2 Kf6 49. Ke3 h5 50. Bc8 Kg5 51. h3 h4 52. Be6 Kf6 53. Bd7 Kg5 54. Bc6 Kg6 55. Bb5 1/2-1/2

[Event "SA-2016-0-00507"]
[Site "LSS email"]
[Date "2016.02.14"]
[Round "?"]
[White "Eichner, Dieter"]
[Black "Egorov, Vladimir Al"]
[Result "1/2-1/2"]
[WhiteElo "2116"]
[BlackElo "2272"]
[PlyCount "215"]
[EventDate "2016.01.17"]
[EventType "tourn (corr)"]
[EventRounds "6"]
[EventCountry "GER"]
[SourceTitle "Corr 2022"]
[Source "ChessBase"]
[SourceDate "2021.10.24"]
[SourceVersion "1"]
[SourceVersionDate "2021.10.24"]
[SourceQuality "1"]

1. d4 e6 2. e3 Nf6 3. Nf3 b6 4. c4 Bb7 5. Bd3 d5 6. 0-0 dxc4 7. Bxc4 c5 8. dxc5 Qxd1 9. Rxd1 Bxc5 10. Nbd2 Nbd7 11. b3 Rc8 12. Bb2 0-0 13. Be2 Rc7 14. Rac1 Rfc8 15. Nc4 Be7 16. Nd4 a6 17. a4 h6 18. h3 g6 19. Ra1 Rd8 20. Nf3 Nd5 21. Rac1 h5 22. Nd4 e5 23. Nf3 f6 24. Nh4 Kh7 25. Bf3 Nc5 26. Ba3 Nxb3 27. Bxe7 Rxe7 28. Rb1 Nc5 29. Nxb6 e4 30. Be2 Rd6 31. a5 Rxb6 32. axb6 Nc3 33. Re1 Nxb1 34. Rxb1 Kh6 35. Kh2 Rd7 36. Bc4 Kg7 37. Be2 Kh6 38. Bc4 Kg5 39. f4+ Kh6 40. Ra1 Rd6 41. Ra5 Nd3 42. Bf7 Rxb6 43. Bxg6 Rb5 44. Ra4 Rb4 45. Ra3 Rb5 46. Be8 Rd5 47. Rc3 Rc5 48. Rb3 Bc8 49. Rb8 a5 50. Ra8 Kg7 51. Bg6 Nb2 52. Ra7+ Kf8 53. Rf7+ Kg8 54. Rxf6 Nc4 55. Rf7 Nxe3 56. Re7 Bf5 57. Nxf5 Nxf5 58. Bxf5 Rxf5 59. Rxe4 h4 60. Ra4 Kg7 61. g4 hxg3+ 62. Kxg3 Rc5 63. Kg4 Rb5 64. h4 Rc5 65. Rd4 Rc1 66. Rd7+ Kf6 67. Rd6+ Kg7 68. Ra6 Rc5 69. Ra7+ Kh6 70. h5 Rb5 71. Ra8 Rc5 72. Ra6+ Kg7 73. h6+ Kh7 74. f5 Rc1 75. Kg5 Rg1+ 76. Kf6 Ra1 77. Re6 a4 78. Re4 a3 79. Re3 Ra2 80. Rf3 Ra1 81. Rg3 Ra2 82. Rh3 Kh8 83. Rc3 Ra1 84. Rg3 Kh7 85. Rd3 Ra2 86. Re3 Ra1 87. Rh3 Ra2 88. Rc3 Ra1 89. Rf3 Ra2 90. Rd3 Ra1 91. Rd4 Ra2 92. Rd1 Rh2 93. Kf7 a2 94. Ke6 Re2+ 95. Kf6 Rh2 96. Ke6 Re2+ 97. Kf7 Rb2 98. Ra1 Kxh6 99. f6 Kg5 100. Kg7 Rg2 101. Rf1 Kh5+ 102. Kh7 Rf2 103. Rxf2 a1Q 104. Rf5+ Kg4 105. f7 Qb1 106. f8Q Qxf5+ 107. Qxf5+ Kxf5 108. Kg7 1/2-1/2

[Event "SA-2016-0-00507"]
[Site "LSS email"]
[Date "2016.02.13"]
[Round "?"]
[White "Eichner, Dieter"]
[Black "Mostowik, Daniel"]
[Result "1/2-1/2"]
[WhiteElo "2116"]
[BlackElo "2104"]
[PlyCount "76"]
[EventDate "2016.01.17"]
[EventType "tourn (corr)"]
[EventRounds "6"]
[EventCountry "GER"]
[SourceTitle "Corr 2022"]
[Source "ChessBase"]
[SourceDate "2021.10.24"]
[SourceVersion "1"]
[SourceVersionDate "2021.10.24"]
[SourceQuality "1"]

1. d4 d5 2. e3 Nf6 3. f4 Bg4 4. Bb5+ c6 5. Be2 Bxe2 6. Qxe2 e6 7. Nf3 c5 8. b3 cxd4 9. exd4 Qa5+ 10. Bd2 Qa6 11. c4 Be7 12. Nc3 0-0 13. Nb5 Rc8 14. 0-0 Nc6 15. Rfd1 Qb6 16. c5 Qd8 17. a3 a5 18. Be1 b6 19. b4 Ne4 20. Ne5 Bf6 21. Qd3 axb4 22. axb4 bxc5 23. bxc5 Bxe5 24. fxe5 Rxa1 25. Rxa1 Ra8 26. Qd1 h6 27. Nd6 Rxa1 28. Qxa1 Qb8 29. Kf1 Qb3 30. Qa6 Kh7 31. Nxe4 dxe4 32. Qxc6 Qd3+ 33. Kf2 Qxd4+ 34. Kf1 Qd3+ 35. Kf2 Qd4+ 36. Kf1 Qd3+ 37. Kg1 Qe3+ 38. Kf1 Qd3+ 1/2-1/2

[Event "SA-2016-0-00507"]
[Site "LSS email"]
[Date "2016.02.13"]
[Round "?"]
[White "Eichner, Dieter"]
[Black "Silva Filho, Alcindo Luz Bastos"]
[Result "1-0"]
[WhiteElo "2116"]
[BlackElo "2164"]
[PlyCount "117"]
[EventDate "2016.01.17"]
[EventType "tourn (corr)"]
[EventRounds "6"]
[EventCountry "GER"]
[SourceTitle "Corr 2022"]
[Source "ChessBase"]
[SourceDate "2021.10.24"]
[SourceVersion "1"]
[SourceVersionDate "2021.10.24"]
[SourceQuality "1"]

1. d4 Nf6 2. e3 g6 3. Be2 Bg7 4. Nf3 0-0 5. 0-0 d5 6. b4 Ne4 7. Na3 Nc3 8. Qe1 Nxe2+ 9. Qxe2 Nd7 10. c4 c6 11. h3 Nf6 12. cxd5 cxd5 13. Nb1 Bf5 14. Bb2 Rc8 15. Nc3 Ne4 16. Rfc1 Nxc3 17. Bxc3 Qd6 18. Bd2 Bc2 19. a4 Rc7 20. Ne1 Bb3 21. Rxc7 Qxc7 22. Qd3 Bc4 23. Qc3 a6 24. Nd3 Rc8 25. Rc1 b5 26. a5 Qd6 27. Be1 Bf6 28. Nc5 Re8 29. Qb2 e6 30. f3 Be7 31. Bf2 f6 32. Re1 Kg7 33. e4 dxe4 34. fxe4 Qc6 35. Qd2 h6 36. Be3 g5 37. Bf2 Kg6 38. h4 Bxc5 39. bxc5 Rd8 40. Qe3 Re8 41. Qf3 Qd7 42. Rd1 Rd8 43. d5 exd5 44. c6 Qxc6 45. Qf5+ Kg7 46. e5 fxe5 47. Qxe5+ Kf7 48. Bd4 Qe6 49. Qg7+ Ke8 50. Bf2 d4 51. Re1 Be2 52. Qh8+ Ke7 53. Qh7+ Kd6 54. Qb7 Rc8 55. Qxa6+ Rc6 56. Qa7 d3 57. a6 Ke5 58. Qd4+ Kf5 59. a7 1-0

[Event "SA-2015-0-00500"]
[Site "LSS email"]
[Date "2015.12.16"]
[Round "?"]
[White "Mary, Patrick"]
[Black "Eichner, Dieter"]
[Result "1/2-1/2"]
[WhiteElo "2164"]
[BlackElo "2130"]
[PlyCount "49"]
[EventDate "2015.11.17"]
[EventType "tourn (corr)"]
[EventRounds "6"]
[EventCountry "GER"]
[SourceTitle "Corr 2022"]
[Source "ChessBase"]
[SourceDate "2021.10.24"]
[SourceVersion "1"]
[SourceVersionDate "2021.10.24"]
[SourceQuality "1"]

1. e4 d5 2. exd5 Nf6 3. Nf3 Qxd5 4. d4 Bg4 5. Nc3 Qh5 6. Bf4 Nc6 7. Bxc7 e6 8. Be2 Bb4 9. h3 Rc8 10. Bf4 Bxf3 11. Bxf3 Qf5 12. Be3 Ne7 13. 0-0 Bxc3 14. bxc3 Nfd5 15. Qb1 0-0 16. Bd2 Nxc3 17. Qxb7 Ned5 18. Bxc3 Rxc3 19. Bxd5 Qxd5 20. Qxa7 Rxc2 21. a4 g6 22. Rfb1 Kg7 23. Rb7 Qf5 24. d5 Qf6 25. Rf1 1/2-1/2

[Event "SA-2015-0-00499"]
[Site "LSS email"]
[Date "2015.12.07"]
[Round "?"]
[White "Eichner, Dieter"]
[Black "Alexandre Bisquert, Francisco"]
[Result "1-0"]
[WhiteElo "2130"]
[BlackElo "2080"]
[PlyCount "145"]
[EventDate "2015.11.14"]
[EventType "tourn (corr)"]
[EventRounds "6"]
[EventCountry "GER"]
[SourceTitle "Corr 2022"]
[Source "ChessBase"]
[SourceDate "2021.10.24"]
[SourceVersion "1"]
[SourceVersionDate "2021.10.24"]
[SourceQuality "1"]

1. d4 e6 2. e4 d5 3. Nd2 c5 4. exd5 exd5 5. Ngf3 Nf6 6. Bb5+ Bd7 7. Bxd7+ Nbxd7 8. 0-0 Be7 9. Re1 0-0 10. dxc5 Nxc5 11. Nb3 Qc7 12. Nxc5 Bxc5 13. Be3 Rae8 14. Bxc5 Rxe1+ 15. Qxe1 Qxc5 16. c3 Re8 17. Qd1 Ne4 18. Nd4 g6 19. g3 Kg7 20. Qb3 Nd6 21. Rd1 Re7 22. Kg2 a6 23. Qc2 Qc8 24. Qd2 Nc4 25. Qc1 f6 26. h3 Qd7 27. b3 Nd6 28. h4 Qg4 29. Qc2 Ne4 30. Qe2 Qd7 31. Re1 Re5 32. Nf3 Re8 33. Qc2 Rc8 34. Re3 b5 35. Nd2 Nc5 36. Qd1 Re8 37. Qf3 Ne6 38. Rd3 Rd8 39. b4 Qc6 40. Nb3 h5 41. Kg1 Rd7 42. Qe2 Kf7 43. Qe3 Kg7 44. f4 Qd6 45. Qe2 Re7 46. Qf3 Nc7 47. Nd4 Kf7 48. f5 Qe5 49. Qf1 Qe1 50. Qxe1 Rxe1+ 51. Kf2 Rb1 52. fxg6+ Kxg6 53. Rd2 Ra1 54. Kf3 Rf1+ 55. Kg2 Re1 56. Ne2 Kf7 57. Kf2 Ra1 58. Ke3 Rf1 59. Nf4 Rc1 60. Kd3 Ne6 61. Nxh5 f5 62. Rf2 Kg6 63. Nf4+ Nxf4+ 64. Rxf4 Rd1+ 65. Ke3 Rg1 66. Rf3 Rd1 67. a3 Ra1 68. Kd4 Rxa3 69. Kxd5 Ra1 70. Kc6 Re1 71. Kb6 Re6+ 72. Ka7 Rf6 73. Kb7 1-0

[Event "SA-2015-0-00499"]
[Site "LSS email"]
[Date "2015.12.07"]
[Round "?"]
[White "Van Bommel, Ton"]
[Black "Eichner, Dieter"]
[Result "1-0"]
[WhiteElo "1952"]
[BlackElo "2130"]
[PlyCount "97"]
[EventDate "2015.11.14"]
[EventType "tourn (corr)"]
[EventRounds "6"]
[EventCountry "GER"]
[SourceTitle "Corr 2022"]
[Source "ChessBase"]
[SourceDate "2021.10.24"]
[SourceVersion "1"]
[SourceVersionDate "2021.10.24"]
[SourceQuality "1"]

1. e4 d5 2. exd5 Nf6 3. d4 Nxd5 4. Nf3 e6 5. c4 Bb4+ 6. Nbd2 Nf6 7. a3 Be7 8. b4 Nbd7 9. c5 c6 10. Nc4 b6 11. Bd3 a5 12. Nfe5 Nxe5 13. dxe5 Ng4 14. Be2 Qxd1+ 15. Bxd1 axb4 16. Bxg4 Bxc5 17. Be3 Bxe3 18. fxe3 Ke7 19. Bf3 Bd7 20. Nxb6 Rxa3 21. Kd2 Rb8 22. Rxa3 bxa3 23. Nc4 Ra8 24. Ra1 a2 25. Kc3 f6 26. Kb2 Rb8+ 27. Kxa2 Rb5 28. Rb1 fxe5 29. Rxb5 cxb5 30. Nxe5 Be8 31. Kb3 Kd6 32. Nd3 Bg6 33. e4 Kc7 34. Kb4 Be8 35. e5 Kd7 36. Kxb5 Ke7+ 37. Kc5 Ba4 38. Be4 h6 39. Nf4 Kd7 40. Nh5 g5 41. Nf6+ Ke7 42. Ng8+ Kf7 43. Nxh6+ Ke7 44. Ng8+ Kf7 45. Nf6 Ke7 46. Nh7 g4 47. Nf6 Bd1 48. Bd3 Kd8 49. Kd6 1-0

[Event "RA-2015-0-00416"]
[Site "LSS email"]
[Date "2015.10.30"]
[Round "?"]
[White "Eichner, Dieter"]
[Black "Koehler, Josef"]
[Result "1/2-1/2"]
[WhiteElo "2120"]
[BlackElo "2099"]
[PlyCount "93"]
[EventDate "2015.09.13"]
[EventType "tourn (corr)"]
[EventRounds "6"]
[EventCountry "GER"]
[SourceTitle "Corr 2022"]
[Source "ChessBase"]
[SourceDate "2021.10.24"]
[SourceVersion "1"]
[SourceVersionDate "2021.10.24"]
[SourceQuality "1"]

1. d4 Nf6 2. e3 d5 3. f4 g6 4. Nf3 Bg7 5. Nbd2 0-0 6. c3 Be6 7. Bd3 c5 8. Qe2 Qb6 9. 0-0 a6 10. Ne5 Nc6 11. b3 Rac8 12. Kh1 cxd4 13. exd4 Nxe5 14. fxe5 Nd7 15. Bb2 f6 16. exf6 exf6 17. Nf3 Rfe8 18. Rae1 Qc6 19. Qc2 Bf7 20. Qf2 Qc7 21. Rxe8+ Rxe8 22. Re1 Rxe1+ 23. Qxe1 Bh6 24. Bc1 Bxc1 25. Qxc1 Kg7 26. Qd2 Nb6 27. Ne1 Nc8 28. Kg1 Nd6 29. Nc2 b5 30. Qe1 h6 31. g3 h5 32. Ne3 a5 33. Kg2 a4 34. Nc2 axb3 35. axb3 Qa7 36. b4 Qa6 37. Ne3 Qc6 38. Qd2 Be6 39. Kg1 Qa8 40. Qe1 Qb7 41. Qa1 Ne4 42. Bxe4 dxe4 43. Kg2 Bg8 44. Qb2 Qc7 45. Qc2 Qc6 46. Qd2 Bd5 47. Kg1 1/2-1/2

[Event "RA-2015-0-00416"]
[Site "LSS email"]
[Date "2015.10.27"]
[Round "?"]
[White "Morcin, Tom"]
[Black "Eichner, Dieter"]
[Result "1/2-1/2"]
[WhiteElo "2203"]
[BlackElo "2120"]
[PlyCount "61"]
[EventDate "2015.09.13"]
[EventType "tourn (corr)"]
[EventRounds "6"]
[EventCountry "GER"]
[SourceTitle "Corr 2022"]
[Source "ChessBase"]
[SourceDate "2021.10.24"]
[SourceVersion "1"]
[SourceVersionDate "2021.10.24"]
[SourceQuality "1"]

1. e4 d5 2. exd5 Nf6 3. d4 c6 4. dxc6 Nxc6 5. Nf3 Bg4 6. Bb5 Qb6 7. Nc3 0-0-0 8. Qe2 Bxf3 9. gxf3 Nxd4 10. Qc4+ Qc7 11. Qxc7+ Kxc7 12. Bf4+ Kc8 13. 0-0-0 e6 14. Be3 Nxb5 15. Nxb5 a6 16. Na7+ Kc7 17. Rxd8 Kxd8 18. Rd1+ Ke8 19. c4 Nd7 20. Nc8 h5 21. Kc2 h4 22. h3 Rh5 23. f4 Rh6 24. Nd6+ Bxd6 25. Rxd6 Rg6 26. Rd3 Rg2 27. Kd2 Rh2 28. Bd4 a5 29. Ke2 b6 30. b3 Nc5 31. Re3 1/2-1/2

[Event "RA-2015-0-00415"]
[Site "LSS email"]
[Date "2015.10.25"]
[Round "?"]
[White "Eichner, Dieter"]
[Black "Morcin, Tom"]
[Result "0-1"]
[WhiteElo "2129"]
[BlackElo "2198"]
[PlyCount "84"]
[EventDate "2015.09.06"]
[EventType "tourn (corr)"]
[EventRounds "6"]
[EventCountry "GER"]
[SourceTitle "Corr 2022"]
[Source "ChessBase"]
[SourceDate "2021.10.24"]
[SourceVersion "1"]
[SourceVersionDate "2021.10.24"]
[SourceQuality "1"]

1. d4 d5 2. e3 Nf6 3. c4 c6 4. Nf3 Bf5 5. Nc3 e6 6. Nh4 Bg6 7. Nxg6 hxg6 8. Bd2 Nbd7 9. c5 Qc7 10. f4 Nh5 11. Be2 Ng3 12. Rg1 Nxe2 13. Qxe2 b6 14. cxb6 axb6 15. g3 b5 16. b3 Qb7 17. Kf1 b4 18. Na4 c5 19. dxc5 Bxc5 20. Bc1 Rc8 21. Nxc5 Nxc5 22. Rg2 Ne4 23. Kg1 0-0 24. Bb2 Rc6 25. Qd1 Rfc8 26. h4 Qb5 27. Kh2 Qc5 28. Qd4 Qf8 29. Qd1 Qd8 30. Qd4 f6 31. Qxb4 Qc7 32. Rag1 Rc2 33. Qe1 Qa7 34. a4 Qb7 35. b4 R2c4 36. a5 R8c6 37. g4 Rxb4 38. Bd4 Qb8 39. Qa1 e5 40. fxe5 fxe5 41. Bxe5 Qd8 42. Qa3 Qxh4# 0-1

[Event "RA-2015-0-00415"]
[Site "LSS email"]
[Date "2015.10.25"]
[Round "?"]
[White "Silva Filho, Alcindo Luz Bastos"]
[Black "Eichner, Dieter"]
[Result "1/2-1/2"]
[WhiteElo "2122"]
[BlackElo "2129"]
[PlyCount "95"]
[EventDate "2015.09.06"]
[EventType "tourn (corr)"]
[EventRounds "6"]
[EventCountry "GER"]
[SourceTitle "Corr 2022"]
[Source "ChessBase"]
[SourceDate "2021.10.24"]
[SourceVersion "1"]
[SourceVersionDate "2021.10.24"]
[SourceQuality "1"]

1. e4 d5 2. exd5 Nf6 3. Nc3 Nxd5 4. Bc4 Nb6 5. Bb3 Nc6 6. Nf3 Bf5 7. d3 e6 8. 0-0 Be7 9. Re1 0-0 10. Bf4 Na5 11. h3 c6 12. Qe2 Nxb3 13. axb3 Nd5 14. Be5 a6 15. Ne4 Bxe4 16. dxe4 Nf6 17. Red1 Qc8 18. Nd2 Nd7 19. Bc3 c5 20. Nc4 Qc6 21. Qf3 b5 22. Qg4 g6 23. Na5 Qc7 24. Qg3 e5 25. Rd5 Rfe8 26. h4 Bf8 27. Qf3 Re6 28. Rad1 Nb6 29. R5d3 h5 30. g3 Rae8 31. Kg2 Rd6 32. Rxd6 Bxd6 33. Rd3 Nd7 34. Qd1 Re6 35. f3 Nf6 36. Bd2 Ne8 37. Qe1 f5 38. Bg5 fxe4 39. fxe4 Nf6 40. Bxf6 Rxf6 41. Qd2 Kf7 42. Rf3 Rxf3 43. Qd5+ Ke7 44. Nc6+ Ke8 45. Kxf3 Qf7+ 46. Qxf7+ Kxf7 47. Nd8+ Kf6 48. g4 1/2-1/2

[Event "RA-2015-0-00415"]
[Site "LSS email"]
[Date "2015.10.25"]
[Round "?"]
[White "Willmann, Bernd"]
[Black "Eichner, Dieter"]
[Result "1/2-1/2"]
[WhiteElo "2267"]
[BlackElo "2129"]
[PlyCount "103"]
[EventDate "2015.09.06"]
[EventType "tourn (corr)"]
[EventRounds "6"]
[EventCountry "GER"]
[SourceTitle "Corr 2022"]
[Source "ChessBase"]
[SourceDate "2021.10.24"]
[SourceVersion "1"]
[SourceVersionDate "2021.10.24"]
[SourceQuality "1"]

1. e4 d5 2. exd5 Nf6 3. d4 Qxd5 4. Nf3 Bg4 5. Be2 Nc6 6. 0-0 e6 7. h3 Bh5 8. c3 a6 9. Re1 Be7 10. Bf4 Bd6 11. c4 Qf5 12. Bxd6 cxd6 13. d5 Bxf3 14. Bxf3 Ne5 15. dxe6 Nxf3+ 16. Qxf3 Qxf3 17. gxf3 d5 18. Nd2 fxe6 19. Rxe6+ Kf7 20. Rb6 Rab8 21. Rd1 Rhc8 22. cxd5 Nxd5 23. Rb3 Nf4 24. Ne4 Kg8 25. Kh2 Rc6 26. h4 b5 27. Rc3 Rh6 28. Rd6 Rxd6 29. Nxd6 Nd5 30. Rc5 Nb4 31. a3 Nd3 32. Rc6 Ra8 33. Rc2 Rd8 34. Ne4 Rf8 35. Kg3 g6 36. Rd2 Ne5 37. f4 Nc4 38. Re2 a5 39. Kg4 a4 40. Ng3 Rb8 41. h5 gxh5+ 42. Nxh5 Kf7 43. Ng3 Rg8+ 44. Kf5 Nd6+ 45. Ke5 Nc4+ 46. Kd4 Rh8 47. Ne4 h5 48. f5 h4 49. f3 Rh5 50. Rh2 Kg7 51. f6+ Kf7 52. Kd3 1/2-1/2

[Event "SA-2015-0-00488"]
[Site "LSS email"]
[Date "2015.09.19"]
[Round "?"]
[White "Alexandre Bisquert, Francisco"]
[Black "Eichner, Dieter"]
[Result "1/2-1/2"]
[WhiteElo "2077"]
[BlackElo "2129"]
[PlyCount "71"]
[EventDate "2015.08.16"]
[EventType "tourn (corr)"]
[EventRounds "6"]
[EventCountry "GER"]
[SourceTitle "Corr 2022"]
[Source "ChessBase"]
[SourceDate "2021.10.24"]
[SourceVersion "1"]
[SourceVersionDate "2021.10.24"]
[SourceQuality "1"]

1. e4 c6 2. d4 d5 3. e5 c5 4. Nf3 cxd4 5. Nxd4 Nc6 6. Nxc6 bxc6 7. Bd3 e6 8. 0-0 Ne7 9. Nd2 Ng6 10. Nf3 Rb8 11. c4 Be7 12. Qc2 c5 13. cxd5 exd5 14. Rd1 0-0 15. b3 Bg4 16. Be4 d4 17. Re1 Bxf3 18. Bxf3 d3 19. Qc3 c4 20. Re4 cxb3 21. axb3 Qd5 22. Re3 Rxb3 23. Bxd5 Rxc3 24. Bd2 Rc5 25. Bb3 Rb8 26. Rxd3 Nxe5 27. Rh3 Rcb5 28. Bc2 g6 29. Bc3 Bb4 30. Bxb4 Rxb4 31. Rha3 Rb2 32. Be4 R8b6 33. Rxa7 Rd6 34. h3 Kg7 35. R7a2 Rxa2 36. Rxa2 1/2-1/2

[Event "RA-2015-0-00409"]
[Site "LSS email"]
[Date "2015.08.20"]
[Round "?"]
[White "Eichner, Dieter"]
[Black "Borisovs, Leonids"]
[Result "1/2-1/2"]
[WhiteElo "2124"]
[BlackElo "2200"]
[PlyCount "50"]
[EventDate "2015.07.25"]
[EventType "tourn (corr)"]
[EventRounds "6"]
[EventCountry "GER"]
[SourceTitle "Corr 2022"]
[Source "ChessBase"]
[SourceDate "2021.10.24"]
[SourceVersion "1"]
[SourceVersionDate "2021.10.24"]
[SourceQuality "1"]

1. d4 Nf6 2. e3 d5 3. f4 c5 4. Nf3 e6 5. c3 Nc6 6. Ne5 Ne4 7. g3 Be7 8. Nd2 Nxd2 9. Bxd2 0-0 10. Be2 Nxe5 11. fxe5 f6 12. exf6 Rxf6 13. Qc2 Bd7 14. Rf1 Rxf1+ 15. Kxf1 Qc7 16. Kg1 e5 17. dxc5 Bxc5 18. c4 Bh3 19. b4 Qf7 20. Bf1 Bf5 21. Qc3 Be4 22. Be2 Be7 23. cxd5 Bxd5 24. e4 Bxe4 25. Qxe5 Qd5 1/2-1/2

[Event "RA-2015-0-00409"]
[Site "LSS email"]
[Date "2015.08.19"]
[Round "?"]
[White "Eichner, Dieter"]
[Black "Morcin, Tom"]
[Result "1/2-1/2"]
[WhiteElo "2124"]
[BlackElo "2209"]
[PlyCount "72"]
[EventDate "2015.07.25"]
[EventType "tourn (corr)"]
[EventRounds "6"]
[EventCountry "GER"]
[SourceTitle "Corr 2022"]
[Source "ChessBase"]
[SourceDate "2021.10.24"]
[SourceVersion "1"]
[SourceVersionDate "2021.10.24"]
[SourceQuality "1"]

1. d4 Nf6 2. e3 d5 3. c4 e6 4. Nf3 Be7 5. cxd5 exd5 6. Bd3 0-0 7. b3 Bb4+ 8. Nbd2 Nc6 9. 0-0 Bd6 10. Bb2 Re8 11. Rc1 a5 12. Re1 Bd7 13. a3 Ne4 14. Qc2 f5 15. h3 Rc8 16. Nb1 Qe7 17. Nc3 Nxc3 18. Qxc3 Ra8 19. Qc2 g6 20. Ra1 Nd8 21. g3 Nf7 22. h4 c6 23. a4 Nh6 24. Qc1 Ng4 25. Ba3 Bxa3 26. Qxa3 Qxa3 27. Rxa3 Re7 28. Kg2 Kg7 29. Raa1 Nf6 30. Rh1 Be6 31. Ra2 Ne4 32. Rc2 Kf6 33. Ne5 Nd6 34. Be2 Ne4 35. Rf1 Rc7 36. Rfc1 Re7 1/2-1/2